Výroba vybraných výrobkov v naturálnych jednotkách za rok 2000

Salvato in:
Dettagli Bibliografici
Natura: Libro
Lingua:slovacco
inglese
Pubblicazione: Bratislava Štatistický úrad Slovenskej republiky 2001
Serie:Energetika, priemysel a stavebníctvo
Soggetti:
Tags: Aggiungi Tag
Nessun Tag, puoi essere il primo ad aggiungerne!!

MARC

LEADER 00000nam a2200000 4500
001 c123920
005 20260217140456.4
041 0 |a slo 
041 0 |a eng 
044 |a SK 
245 1 0 |a Výroba vybraných výrobkov v naturálnych jednotkách za rok 2000 
264 1 |a Bratislava  |b Štatistický úrad Slovenskej republiky  |c 2001 
300 |a 41 s. 
490 1 |a Energetika, priemysel a stavebníctvo 
830 0 |a Energetika, priemysel a stavebníctvo 
610 2 0 |a Slovensko 
610 2 0 |a jednotky naturálne 
610 2 0 |a výrobky 
610 2 0 |a výroba 
610 2 0 |a priemysel